000 00610nam a2200229Ia 4500
003 OSt
005 20220918221231.0
006 a|||||r|||| 00| 0
007 ta
008 220917b |||||||| |||| 00| 0 eng d
024 _a148,874
037 _cTextual
040 _aARTS
_cARTS
_beng
041 _2eng
_aeng
082 _aT, J24
100 _aBantock G H
_955943
245 0 _aFreedom and authority in education
_b a criticism of modern culture and educational assumptions
260 _c1952
650 _aEDUCATION
942 _hT, J24
_cTEXL
_2CC
999 _c271549
_d271549